000 01777nam a2200253 a 4500
008 060427s2003 ||||||||||||||||| || u
050 _aCBU(02)2003/2
110 _aComprehensive HIV/AIDS Management Programme (CHAMP)
245 1 0 _aHIV/AIDS basic handbook
_cBy The Copperbelt University ; Comprehensive HIV/AIDS Management Programme (CHAMP)
260 _aLusaka
_bCHAMP
_c2003
350 _a0.00
500 _aComprehensive HIV/AIDS Management Programme (CHAMP) and reproduced by the Copperbelt University Public Health Office
650 _aAIDS (DISEASE) -- ZAMBIA
650 _aMEDICINE
650 _aHIV INFECTIONS--PREVENTION AND CONTROL
710 _aCopperbelt University
995 _aSPECIAL COLLECTIONS
_e4021
_FCBU-MAIN LIBRARY (Kitwe)
_I0.00
_jCBU-PHO(02)2003/2F
_M6
_UAVAILABLE
_WMay 31, 2019
_yB4021
_ZInternational Publications
995 _aSPECIAL COLLECTIONS
_e4993
_FCBU-MAIN LIBRARY (Kitwe)
_I0.00
_jCBU(02)2003/2C
_M2
_UAVAILABLE
_WAug 31, 2022
_yB4993
_ZUniversity Collection
995 _aSPECIAL COLLECTIONS
_e4017
_FCBU-MAIN LIBRARY (Kitwe)
_I0.00
_jCBU(02)2003/2B
_M3
_UAVAILABLE
_WMay 31, 2019
_yB4017
_ZInternational Publications
995 _aSPECIAL COLLECTIONS
_e4022
_FCBU-MAIN LIBRARY (Kitwe)
_I0.00
_jCBU-PHO(02)2003/2G
_M7
_UAVAILABLE
_WMay 31, 2019
_yB4022
_ZInternational Publications
995 _aSPECIAL COLLECTIONS
_e4020
_FCBU-MAIN LIBRARY (Kitwe)
_I0.00
_jCBU-PHO(02)2003/2E
_M5
_UAVAILABLE
_WMay 31, 2019
_yB4020
_ZInternational Publications
995 _aSPECIAL COLLECTIONS
_e4019
_FCBU-MAIN LIBRARY (Kitwe)
_I0.00
_jCBU-PHO(02)2003/2D
_M4
_UAVAILABLE
_WMay 31, 2019
_yB4019
_ZInternational Publications
995 _aSPECIAL COLLECTIONS
_D0.00
_e03000172
_FCBU-MAIN LIBRARY (Kitwe)
_H1
_I0.00
_jCBU(02)2003/2A
_M1
_UAVAILABLE
_WApr 27, 2006
_y03000172
_ZInternational Publications
999 _c76321
_d76321